ბათუმის შოთა რუსთაველის სახელმწიფო უნივერსიტეტის ბიბლიოთეკა

საქართველო გზად: სტალინიზმის ჩრდილების პარლამენტის როლი ქვეყნის ტერიტორიული მთლიანობის შენარჩუნებისთვის ბრძოლის პროცესში 1918-1920 წწ. (სამხრეთ-დასავლეთ საქართველო) / (ბიბ.ჩანაწერი № 55443)

000 -ლიდერი
ფიქსირებული სიგრძის საკონტროლო ველი 02275nam a2200265Ia 4500
001 - საკონტროლო ნომერი
საკონტროლო ველი 22525
003 - საკონტროლო ნომრის იდენტიფიკატორი
საკონტროლო ველი GE_BSU
005 - ბოლო ოპერაციის თარიღი და დრო
საკონტროლო ველი 20210330124119.0
008 - ფიქსირებული სიგრძის მონაცემთა ელემენტები - ზოგადი ინფორმაცია
ფიქსირებული სიგრძის საკონტროლო ველი 181216s2016||||ge |||||||||||||| ||geo||
040 ## - კატალოგიზაციის წყარო
Transcribing agency GE_BSU
041 ## - ენის კოდი
Language code of text/sound track or separate title geo
080 ## - უნივერსალური ათობითი კლასიფიკაციის ინდექსი
Universal Decimal Classification number 94 კ-88
100 ## - მთავარი ჩანაწერი - პიროვნების სახელი
Personal name კუკულაძე, გუგული
9 (RLIN) 10837
245 ## - ცნობა სათაურის შესახებ
Title საქართველო გზად: სტალინიზმის ჩრდილების პარლამენტის როლი ქვეყნის ტერიტორიული მთლიანობის შენარჩუნებისთვის ბრძოლის პროცესში 1918-1920 წწ. (სამხრეთ-დასავლეთ საქართველო) /
Statement of responsibility, etc გუგული კუკულაძე; სამეცნიერო ხელმძღვანელი ი. ბარამიძე, ნ. ზოსიძე; ბათუმის შოთა რუსთაველის სახ-ფო უნ-ტი. ჰუმანიტარულ მეცნიერებათა ფაკ-ტი.
264 ## - წარმოების, გამოცემის, დისტრიბუციის და სხვა ცნობები
გამოცემის, წარმოების, დისტრიბუციის... ადგილი ბათუმი,
გამოცემის, წარმოების, დისტრიბუციის... თარიღი 2016.
300 ## - ფიზიკური აღწერა
Extent 195 გვ. ;
Other physical details 30 სმ.
653 ## - INDEX TERM--UNCONTROLLED
Uncontrolled term ისტორია
653 ## - INDEX TERM--UNCONTROLLED
Uncontrolled term არქეოლოგია
653 ## - INDEX TERM--UNCONTROLLED
Uncontrolled term დისერტაცია
653 ## - INDEX TERM--UNCONTROLLED
Uncontrolled term საქართველო გზად : სტალინიზმის ჩრდილების პარლამენტის როლი ქვეყნის ტერიტორიული მთლიანობის შენარჩუნებისთვის ბრძოლის პროცესში 1918-1920 წწ. (სამხრეთ-დასავლეთ საქართველო)
700 ## - ADDED ENTRY--PERSONAL NAME
Personal name ბარამიძე, ი.
Relator term სამეცნიერო ხელმძღვანელი
9 (RLIN) 5948
700 ## - ADDED ENTRY--PERSONAL NAME
Personal name ზოსიძე, ნ.
Relator term სამეცნიერო ხელმძღვანელი
9 (RLIN) 141
710 ## - ADDED ENTRY--CORPORATE NAME
Corporate name or jurisdiction name as entry element ბათუმის შოთა რუსთაველის სახ-ფო უნ-ტი
Subordinate unit ჰუმანიტარულ მეცნიერებათა ფაკულტეტი
9 (RLIN) 10838
942 ## - ADDED ENTRY ELEMENTS (KOHA)
Koha item type წიგნი
Source of classification or shelving scheme
ეგზემპლარები
ჩამოწერის სტატუსი დაკარგული ეგზემპლარის სტატუსი კლასიფიკაციის წყარო ან თაროზე გაწყობის სქემა დაზიანების სტატუსი არ გაიცემა მუდმივი მდებარეობა (დაცვის ადგილი) ამჟამინდელი ადგილსამყოფელი შეძენის თარიღი სრული შენახვის შიფრი შტრიხკოდი ბოლო ოპერაციის თარიღი ეგზემპლარის მიმდევრობითი ნომერი (კეტერი?) ფასის ძალაში შესვლის თარიღი ეგზემპლარის სახეობა საჯარო შენიშვნა
          ბათუმის შოთა რუსთაველის სახელმწიფო უნივერსიტეტის მთავარი ბიბლიოთეკა ბათუმის შოთა რუსთაველის სახელმწიფო უნივერსიტეტის მთავარი ბიბლიოთეკა 2018-12-17 94 კ-88 268 დისერტ 2018-12-17 268 2018-12-17 დისერტაცია